Top 10 gesuchte Schlagzeilen auf Google - Statistiken

Allgemein
  • Dieses Quiz wurde 8 mal gespielt
  • Das Durchschnittsergebnis liegt bei 2 aus 10
Antwortstatistiken
Position Schlagzeile % Korrekt
10 Ampel
71%
1 US-Wahl
71%
5 Iran
14%
6 Bahnstreik
0%
3 Bauernproteste
0%
4 Dubai-Schokolade
0%
7 Polarlichter Deutschland
0%
9 Ringelröten
0%
2 Solingen
0%
8 Überschwemmungen in Süddeutschland
0%
Keine übereinstimmenden Quizze gefunden
Verteilung der Resultate
Anzahl Personen mit jedem Resultat
Perzentil nach korrekt beantworteten Fragen
Ihre Resultats-Entwicklung
Sie haben dieses Quiz noch nicht gespielt